000 00634nam a2200133Ia 4500
008 100328s9999 xx 000 0 und d
082 _b67476
100 _aकर्णिक हेमंत.
245 _aइथे ओशाळला बालमृत्यू (गावोगावच्या सत्यकथा).
260 _bअक्षर.
630 _aइथे ओशाळला बालमृत्यू (गावोगावच्या सत्यकथा).
730 _aइथे ओशाळला बालमृत्यू (गावोगावच्या सत्यकथा).
942 _cBOOK
999 _c553215
_d553212